| 000 | 01327nam0a22002531 4500 | ||
|---|---|---|---|
| 001 | RU\NLR\INFOCOMM_253\5000035800 | ||
| 005 | 20250613100003.0 | ||
| 035 | _a(NLR Aleph) 009323020 | ||
| 090 |
_a9407367 _c9407367 |
||
| 100 | _a20100908d1866 |||y0rusy50 ca | ||
| 101 | 0 | _afre | |
| 102 | _aRU | ||
| 105 | _ay ||||000|y | ||
| 200 | 1 | _aLettre pastorale d'adieu, du premier et ancien préfet apostolique des régions arctiques, [Étienne de Djunkoskoy], adressée au clergé et aux fidèles de cette juridiction; et encyclique à ses anciens collègues dans la juridiction épiscopale: les patriarches, métropolitains, archevêques [e. a.] | |
| 210 |
_aSt. Petersbourg _cJ. Issakoff _d1866 |
||
| 215 |
_a26 с. _d28 см |
||
| 316 | _aПриплетено к: Проект учреждения учебных заведений в Царстве Польском. Спб., 1862 | ||
| 482 | 0 |
_1102##$aRU _12001#$aПроект учреждения учебных заведений в Царстве Польском _1210##$aСпб.$d1862 _tПроект учреждения учебных заведений в Царстве Польском |
|
| 700 | 1 |
_aDžunkovskij _bS. S. _f1821-1870 _gStepan Stepanovič _4070 |
|
| 801 | 1 |
_aRU _bNLR _c20100908 |
|
| 801 | 0 |
_aRU _bNLR _gPSBO |
|
| 852 |
_aNLR _j18.137.2.8 |
||
| 942 | _cBOOK | ||
| 980 | _aNB | ||